000 00298 a2200157 4500
001 175570
020 _a
040 _cMagnum
100 _a-
240 1 0 _aRapunzel
_lpor
245 1 0 _aRapunzel
362 0 _a1899
440 1 _aItatiaia
697 _aMAGNITO: I/FADAS, FANTASIA
942 _cBK
999 _c175570
_d175570